000
00310nam a22001337a 4500
008
170815b xxu||||| |||| 00| 0 eng d
020
_a
9780471368588
041
_a
eng
080
_2
5TH
_a
51
100
_a
36
101
_a
MAT
245
_a
MATHEMATICS FOR ELEMENTARY TEACHERS
_c
MUSSER,G.L
942
_2
udc
_c
BK
999
_c
23590
_d
23590